Famous Vampires Quiz - Statistics

General Stats
  • This quiz has been taken 108 times
  • The average score is 6 of 15
Answer Stats
Description Vampire % Correct
The title character in a novel by Bram Stoker. Count Dracula
98%
The vampire that has a relationship with Bella Swan. Edward Cullen
91%
The vampire from who teaches children how to count. Count von Count
79%
The French vampire from the same novel. Lestat de Lioncourt
63%
The vampire on a seasonal cereal box. Count Chocula
54%
The vampire interviewed by the boy. Louis de Pointe du Lac
52%
Turned into a vampire by Katerina Petrova. His brother Damon is also a vampire. Stefan Salvatore
39%
The adoptive daughter of the two previous vampires. Claudia
34%
The vampire commonly, but erroneously, known as Nosferatu. Count Orlock
34%
The vampire that is the main love interest of Sookie Stackhouse. Bill Compton
21%
The cartoon vampire who likes broccoli sandwiches. Count Duckula
13%
The Nigerian prince bitten by a vampire. Blacula
11%
The vampire from Stephen King's second book. Kurt Barlow
8%
The 379-year-old vampire from Germany. Transported to New Zealand in a shipping crate. Viago
8%
The 175-year-old vampire in search of his lost love Josette. Barnabas Collins
7%
No matching quizzes found
Score Distribution
Percent of People with Each Score
Percentile by Number Answered
Your Score History
You have not taken this quiz